| 000 | 00587nam a2200205Ia 4500 | ||
|---|---|---|---|
| 001 | 71714 | ||
| 008 | 160401s9999 xx 000 0 und d | ||
| 020 | _a9781284040036 | ||
| 040 | _cPK-LaUMT | ||
| 082 |
_a 615.82 _bNAS- |
||
| 100 | _aClark, Michael A. | ||
| 245 |
_aNasm essential of corrective exercise training _cClark, Michael A.|Lucett, Scott C.|Sutton, Brian G. |
||
| 260 |
_aBurlington,USA: _bJones & Bartlett Learning, _c2014 |
||
| 300 | _a438 p. | ||
| 546 | _aEN | ||
| 650 | _aExercise therapy | ||
| 700 | _aLucett, Scott C. | ||
| 700 | _aSutton, Brian G. | ||
| 942 | _cBK | ||
| 999 |
_c84721 _d84721 |
||